Trigonometría contemporánea / (Registro nro. 28)
[ vista simple ]
| 000 -LEADER | |
|---|---|
| fixed length control field | 01113nam a2200217Ia 4500 |
| 003 - CONTROL NUMBER IDENTIFIER | |
| control field | PE SENCICO BE |
| 005 - DATE AND TIME OF LATEST TRANSACTION | |
| control field | 20251020182423.0 |
| 008 - FIXED-LENGTH DATA ELEMENTS--GENERAL INFORMATION | |
| fixed length control field | 200515s9999 xx 000 0 und d |
| 040 ## - CATALOGING SOURCE | |
| Original cataloging agency | PE SENCICO BE |
| Transcribing agency | PE SENCICO BE |
| 041 ## - LANGUAGE CODE | |
| Language code of text/sound track or separate title | spa |
| 082 ## - DEWEY DECIMAL CLASSIFICATION NUMBER | |
| Classification number | 516.24 |
| Item number | A45 |
| 100 1# - MAIN ENTRY--PERSONAL NAME | |
| Personal name | Alva Cabrera, Rubén |
| 9 (RLIN) | 2103 |
| Relator term | autor |
| 245 10 - TITLE STATEMENT | |
| Title | Trigonometría contemporánea / |
| Statement of responsibility, etc. | Rubén Alva Cabrera |
| 260 ## - PUBLICATION, DISTRIBUTION, ETC. | |
| Place of publication, distribution, etc. | Lima : |
| Name of publisher, distributor, etc. | San Marcos ; |
| Date of publication, distribution, etc. | sin año |
| 300 ## - PHYSICAL DESCRIPTION | |
| Extent | 802 p. : |
| Other physical details | gráf. ; |
| Dimensions | 21 cm. |
| 505 0# - FORMATTED CONTENTS NOTE | |
| Formatted contents note | Angulo trigonométrico -- Funciones o razones trigonométricas de ángulos agudos -- Funciones trigonométricas (de ángulos y números reales) -- Identidades trigonométricas, identidades principales y auxiliares -- Reducción al primer cuadrante -- Funciones trigonométricas de ángulos compuestos -- Relaciones de transformación -- Funciones trigonométricas inversas -- Ecuaciones trigonométricas -- Resolución de triángulos -- Conceptos básicos de geometría analítica cartesiana |
| 650 10 - SUBJECT ADDED ENTRY--TOPICAL TERM | |
| Topical term or geographic name entry element | Trigonometría |
| 9 (RLIN) | 2104 |
| 650 20 - SUBJECT ADDED ENTRY--TOPICAL TERM | |
| Topical term or geographic name entry element | Geometría analítica |
| 9 (RLIN) | 2105 |
| 650 20 - SUBJECT ADDED ENTRY--TOPICAL TERM | |
| Topical term or geographic name entry element | Matemáticas |
| 9 (RLIN) | 2106 |
| 942 ## - ADDED ENTRY ELEMENTS (KOHA) | |
| Koha item type | Libros |
| Source of classification or shelving scheme | Dewey Decimal Classification |
| Fecha de la última vez que lo usaron | Número de ingreso o de inventario | Pago total | Signatura topográfica completa | Código de barras | Precio efectivo desde | Tipo de documento | Estado perdido | Sistema de clasificación | Estado dañado | No es para préstamo | Retirado | Ubicación permanente | Ubicación actual | Fecha de adquisición |
|---|---|---|---|---|---|---|---|---|---|---|---|---|---|---|
| 15/05/2020 | 12459 | 516.24/A45 | BibLima24040037 | 15/05/2020 | Libros | Dewey Decimal Classification | Biblioteca Central Lima | Biblioteca Central Lima | 15/05/2020 | |||||
| 15/05/2020 | 12460 | 516.24/A45/ej. 2 | BibLima24040038 | 15/05/2020 | Libros | Dewey Decimal Classification | Biblioteca Central Lima | Biblioteca Central Lima | 15/05/2020 | |||||
| 15/05/2020 | 12461 | 516.24/A45/ej. 3 | BibLima24040039 | 15/05/2020 | Libros | Dewey Decimal Classification | Biblioteca Central Lima | Biblioteca Central Lima | 15/05/2020 |